| 000 | 00422 a2200109 4500 | ||
|---|---|---|---|
| 020 | _a012701070X (acid-free paper) | ||
| 082 | _a519.4 TRO | ||
| 100 | _aTrottenberg, U. | ||
| 245 |
_aMultigrid _cU. Trottenberg, C.W. Oosterlee, A. Schüller ; with guest contributions by A. Brandt, P. Oswald, and K. Stüben. |
||
| 260 |
_aSan Diego : _bAcademic Press, _cc2001. |
||
| 300 |
_axv, 631 p. : _bill. ; _c25 cm. |
||
| 650 | _aMultigrid methods (Numerical analysis) | ||
| 999 |
_c534 _d534 |
||